000 00556nam a2200193 i 4500
001 98477
003 ES-MaACL
005 20250804062612.0
007 t|
008 050915s1914 sp |||| | spa d
100 1 _aPérez Galdós, Benito,
_d1843-1920
_990871
245 1 0 _aAlceste
_b: tragicomedia en tres actos /
_cB. Pérez Galdos.
260 _aMadrid :
_bLibrería de los Sucesores de Hernando,
_c1914.
300 _a163 p. ;
_c18 cm.
490 1 _aTeatro
830 0 _aTeatro
_9178026
852 _aES-MaACL
_jB-4194(3)
999 _c98477
_d98477